Cómo surgen los vientos? /

Guardado en:
Autor Corporativo: Videoteca CEA.
Formato: Deslizar
Series:Cómo, por qué, para qué?
Materias:
Etiquetas: Agregar Etiqueta
Sin Etiquetas, Sea el primero en etiquetar este registro!
LEADER 01018ngm a22003015g 4500
001 CEM.cems021784
008 130507b1993##################0###0#####d
005 20240910170245.0
245 1 0 |a Cómo surgen los vientos? /  |c Videoteca CEA. 
300 |a 10 
490 0 |a Cómo, por qué, para qué? 
500 |a En soporte VHS, consultar en ventanilla. 
505 0 |a Diferencias de temperatura y presión. Calentamiento del aire. Formación de nubes. Zonas ciclónicas y anticiclónicas. Masas de aire. Dirección del viento. 
538 |a Soporte: VHS - Norma: Pal N - Color - Grabación DRD 1993 - Hitachi=5340 
110 2 |a Videoteca CEA. 
082 9 1 |/ CEA 
653 |a GEOGRAFIA 
653 |a FISICA 
653 |a VIENTOS 
653 |a NUBES 
653 |a CLIMATOLOGIA 
653 |a CLIMA 
653 |a CICLON 
653 |a ANTICICLONES 
653 |a PRESION ATMOSFERICA 
653 |a NIVEL PRIMARIO 
653 |a NIVEL SECUNDARIO 
859 |a CEMS  |b BIB. CEMS - Depto. Recursos Didacticos  |h 910  |i CEA  |k DRD  |p 427.12  |t Ej.1